Evolo skyscrapers / (Record no. 23712)
[ view plain ]
| 000 -LEADER | |
|---|---|
| fixed length control field | 00716nam a22002415a 4500 |
| 003 - CONTROL NUMBER IDENTIFIER | |
| control field | EG-ScBUE |
| 005 - DATE AND TIME OF LATEST TRANSACTION | |
| control field | 20221004094211.0 |
| 008 - FIXED-LENGTH DATA ELEMENTS--GENERAL INFORMATION | |
| fixed length control field | 161222t2012 caua f 000 0 eng d |
| 020 ## - INTERNATIONAL STANDARD BOOK NUMBER | |
| International Standard Book Number | 9781938740008 |
| 040 ## - CATALOGING SOURCE | |
| Original cataloging agency | EG-ScBUE |
| Language of cataloging | eng |
| Description conventions | rda |
| Transcribing agency | EG-ScBUE |
| Modifying agency | EG-ScBUE |
| 082 04 - DEWEY DECIMAL CLASSIFICATION NUMBER | |
| Classification number | 720.483 |
| Item number | EVO |
| Edition number | 22 |
| 245 00 - TITLE STATEMENT | |
| Title | Evolo skyscrapers / |
| Statement of responsibility, etc | edited by Carlo Aiello. |
| 264 #1 - PUBLICATION, DISTRIBUTION, ETC. (IMPRINT) | |
| Place of publication, distribution, etc | Los Angeles : |
| Name of publisher, distributor, etc | Evolo, |
| Date of publication, distribution, etc | [2012] |
| 264 #4 - PUBLICATION, DISTRIBUTION, ETC. (IMPRINT) | |
| Date of publication, distribution, etc | c2012 |
| 300 ## - PHYSICAL DESCRIPTION | |
| Extent | 2 volumes : |
| Other physical details | color illustrations ; |
| Dimensions | 28 cm |
| 505 0# - FORMATTED CONTENTS NOTE | |
| Formatted contents note | Volume 1 -- Volume 2. |
| 650 #7 - SUBJECT ADDED ENTRY--TOPICAL TERM | |
| Topical term or geographic name as entry element | Skyscrapers |
| Form subdivision | Designs and plans. |
| Source of heading or term | BUEsh |
| 9 (RLIN) | 31924 |
| 651 ## - SUBJECT ADDED ENTRY--GEOGRAPHIC NAME | |
| Source of heading or term | BUEsh |
| 653 ## - INDEX TERM--UNCONTROLLED | |
| Resource For college | Engineering, Architecture |
| Arrived date list | December2016 |
| 655 ## - INDEX TERM--GENRE/FORM | |
| Form subdivision | Reading book |
| 700 1# - ADDED ENTRY--PERSONAL NAME | |
| Personal name | Aiello, Carlo, |
| Relator term | editor. |
| 942 ## - ADDED ENTRY ELEMENTS (KOHA) | |
| Source of classification or shelving scheme | Dewey Decimal Classification |
| Koha item type | Book - Borrowing |
| Withdrawn status | Lost status | Source of classification or shelving scheme | Damaged status | Not for loan | Collection code | Home library | Current library | Shelving location | Date acquired | Source of acquisition | Cost, normal purchase price | Serial Enumeration / chronology | Total Checkouts | Full call number | Barcode | Date last seen | Cost, replacement price | Koha item type | Public note | Price effective from |
|---|---|---|---|---|---|---|---|---|---|---|---|---|---|---|---|---|---|---|---|---|
| Dewey Decimal Classification | International Marketing Center | Central Library | Central Library | Ground Floor | 22/12/2016 | Purchase | 900.00 | 2546 | 720.483 EVO | 000040577 | 15/07/2025 | 1125.00 | Book - Borrowing | VOL. 1. | ||||||
| Dewey Decimal Classification | International Marketing Center | Central Library | Central Library | Ground Floor | 22/12/2016 | Purchase | 900.00 | 2546 | 720.483 EVO | 000040576 | 15/07/2025 | 1125.00 | Book - Borrowing | VOL. 2. | 22/12/2016 |